000 00402nam a2200169Ia 4500
003 LK-CoDNM
008 010623t xxu||||| |||| 00| 1 sin d
040 _aLK-CoDNM
_dLK-CoDNM
_eLK-CoDNM
041 _asin
080 _a(x) 92
245 _aමෙහෙවරක සටහන්
246 _aMehewaraka satahan
300 _b24, 21 cm
650 _aBiography
650 _aJ.L.Peiris
942 _cBK
999 _c140491
_d140491